Indian States Whose Capital is Not Their Largest City - Statistics

General Stats
  • This quiz has been taken 130 times
  • The average score is 6 of 11
Answer Stats
State Largest City % Correct
Gujarat Ahmedabad
90%
Madhya Pradesh Indore
80%
Kerala Kochi
74%
Uttar Pradesh Kanpur
64%
Assam Guwahati
62%
Punjab Ludhiana
57%
Andhra Pradesh Visakhapatnam
55%
Jharkhand Jamshedpur
41%
Goa Vasco da Gama
41%
Nagaland Dimapur
22%
Haryana Faridabad
22%
No matching quizzes found
Score Distribution
Percent of People with Each Score
Percentile by Number Answered
Your Score History
You have not taken this quiz